Countries Beginning with "M" and Ending with "A" - Statistics

General Stats
  • This quiz has been taken 149 times
  • The average score is 3 of 6
Answer Stats
Country % Correct
Malaysia
69%
Malta
59%
Mongolia
55%
Mauritania
50%
Moldova
50%
Macedonia
46%
No matching quizzes found
Score Distribution
Percent of People with Each Score
Percentile by Number Answered
Your Score History
You have not taken this quiz